| 000 | 01378nam0a2200397 4500 | ||
|---|---|---|---|
| 001 | RU\NLR\bibl\378529 | ||
| 005 | 20250622152659.0 | ||
| 010 |
_a5-89144-301-5 _910000 |
||
| 021 |
_aRU _b2003-3672 _9168 |
||
| 035 | _a(NLR Aleph) 000372968 | ||
| 090 |
_a407395 _c407395 |
||
| 100 | _a20030304d2002 |||y0rusy50 ca | ||
| 101 | 0 | _arus | |
| 102 | _aRU | ||
| 105 | _aa ||||||||| | ||
| 200 | 1 |
_aСборник тематических загадок для дошкольников _fВладимир Гудимов |
|
| 210 |
_aМ. _cСфера _d2002 |
||
| 215 |
_a55, [1] с. _cил. _d20 |
||
| 225 | 1 | _aВместе с детьми | |
| 300 | _aЗагл. обл.: Тематические загадки для дошкольников | ||
| 512 | 1 |
_6z55790 _aТематические загадки для дошкольников |
|
| 610 | 0 | _aЗагадки (д. л.) | |
| 675 |
_a373.2.016:398.6 _v3 _zrus |
||
| 686 |
_a14.23 _2rugasnti |
||
| 686 |
_a74.102 _2rubbk |
||
| 686 | _aШ9(2)3=3-5 | ||
| 700 | 1 |
_aГудимов _bВ. П. _gВладимир Павлович _4070 |
|
| 790 | 1 |
_6z55512 _aГудимов _bВ. П. _gВладимир Павлович _4070 |
|
| 801 | 0 |
_aRU _bRKP _c20030304 _gPSBO |
|
| 801 | 1 |
_aRU _bRKP _c20030304 |
|
| 801 | 2 |
_aRU _bNLR _c20030401 _grcr |
|
| 942 | _cBOOK | ||
| 980 | _aNB | ||